Las ideologías de la imposición /

Bibliographic Details
Main Author: Eisenstein, Louis, 1915-1966 (Author)
Other Authors: Agurto Gonzáles, Carlos Antonio (Editor), Quequejana Mamani, Sonia Lidia (Editor), Choque Cuenca, Benigno (Editor), Fernández Cainzos, Juan J. (Translator)
Format: Electronic eBook
Language:Spanish
English
Published: Santiago, Chile : Ediciones Olejnik, [2023]
Series:Biblioteca de derecho tributario (Ediciones Olejnik). Colección Dr. Paulo de Barros Carvalho.
Subjects:
Online Access:Digitalia Hispánica

MARC

LEADER 00000nam a2200000Ii 4500
001 DIGOLEJNK1338
003 NyNyDIG
006 m o d
007 cr |||||||||||
008 251105s2023 cl o 000 0 spa d
035 |a (OCoLC)1434137929 
040 |a DGITA  |b eng  |e rda  |e pn  |c DGITA 
020 |z 9789564074146 
041 1 |a spa  |h eng 
043 |a n-us--- 
050 1 4 |a HJ2381 ebook 
100 1 |a Eisenstein, Louis,  |d 1915-1966,  |e author. 
240 1 0 |a Ideologies of taxation.  |l Spanish  |s (Fernández Cainzos) 
245 1 4 |a Las ideologías de la imposición /  |c Louis Eisenstein ; edición al cuidado de Carlos Antonio Agurto Gonzáles, Sonia Lidia Quequejana Mamani, Benigno Choque Cuenca ; traducción de Juan J. Fernández Cainzos. 
264 1 |a Santiago, Chile :  |b Ediciones Olejnik,  |c [2023] 
300 |a 1 online resource. 
336 |a text  |b txt  |2 rdacontent 
337 |a computer  |b c  |2 rdamedia 
338 |a online resource  |b cr  |2 rdacarrier 
347 |a text file  |2 rdaft 
347 |b PDF 
490 1 |a Biblioteca de derecho tributario. Colección Dr. Paulo de Barros Carvalho 
588 0 |a Online resource; title from PDF title page (Digitalia, viewed November 5, 2025) 
650 0 |a Taxation  |z United States. 
700 1 |a Agurto Gonzáles, Carlos Antonio,  |e editor. 
700 1 |a Quequejana Mamani, Sonia Lidia,  |e editor. 
700 1 |a Choque Cuenca, Benigno,  |e editor. 
700 1 |a Fernández Cainzos, Juan J.,  |e translator. 
700 1 |i Translation of:  |a Eisenstein, Louis,  |d 1915-1966.  |t Ideologies of taxation. 
791 2 |a Digitalia (Firm),  |e distributor. 
793 0 |g Digitalia eBook Collection:  |a Ediciones Olejnik 
776 0 8 |i Print version:  |a Eisenstein, Louis, 1915-1966.  |s Ideologies of taxation. Spanish (Fernández Cainzos).  |t Ideologías de la imposición.  |b Primera edición en Ediciones Olejnik.  |d Santiago, Chile : Ediciones Olejnik, 2023  |z 9789564074146 
830 0 |a Biblioteca de derecho tributario (Ediciones Olejnik).  |p Colección Dr. Paulo de Barros Carvalho. 
856 4 0 |3 Digitalia Hispánica  |u https://www.digitaliapublishing.com/a/157847/ 
910 |a Premium collection: 2025